| 000 | 00667nam a2200193Ia 4500 | ||
|---|---|---|---|
| 003 | GCL | ||
| 008 | 140319s9999 xx 000 0 ara d | ||
| 040 |
_aGCL / _cGCL |
||
| 082 | 0 | 4 |
_a953.0738 _bم ن |
| 100 | 1 | _aمحمد جمال الدين سرور | |
| 245 | 1 | 0 |
_aالنفوذ الفاطمى فى بلاد الشام والعراق فى القرنين الرابع والخامس بعد الهجرة / _cمحمد جمال الدين سرور |
| 260 |
_a[S.N] : _bدار الفكر العربى |
||
| 490 | _a | ||
| 650 | 0 | 4 | _aالدولة الفاطمية |
| 650 | 0 | 4 | _aالعراق |
| 650 | 0 | 4 | _aالشام |
| 650 | 0 | 4 | _aالفاطميون |
| 942 |
_2ddc _cBK |
||
| 999 |
_c31389 _d31389 |
||